000 01079nam a22002537i 4500
003 EG-ScBUE
005 20260513083520.0
008 110818m19001999le fr 00000 ara dd
040 _aEG-ScBUE
_bara
_erda
_cEG-ScBUE
_dEG-ScBUE
082 0 4 _a572
_bي و ن
_222
110 2 _929683
_aاليونسكو،
_eمؤلف.
245 1 2 _aالعرقية إزاء العلم /
_cأونسكو.
264 1 _aبيروت :
_bدار الثقافة،
_c[1900-1999]
300 _a256 صفحة ؛
_c24 سم
336 _2rdacontent
_aنص
_btxt
337 _aبدون وسيط
_2rdamedia
_bn
338 _aمجلد
_bnc
_2rdacarrier
500 _aعهدت منظمة الأونسكو الي اللجنة الوطنية اللبنانية للتربية والعلم والثقافة بتعريب هذه الدراسات ونشرها فتولي الترجمة المحامي انطوان بطرس خوري.
650 7 _921514
_aالسلالات البشرية.
_2BUEsh
650 7 _929684
_aالأنثروبولوجيا.
_2BUEsh
653 _cApril2012
655 _vReading book
942 _2ddc
_cBB
999 _c15873
_d15873